02268cam a2200301 i 4500001000800000005001700008008004100025010001700066020001800083035002400101035002000125040008000145041001300225042000800238050002900246100003500275245003600310250001800346264003300364300002300397490002600420520069100446520069801137650003801835650003601873650002801909830002901937812320020250826113728.0150312s2015 sp 000 f cat  a 2015420299 a9788497082761 a(OCoLC)ocn911241103 a(CaBVaU)8123200 aDLCbengcDLCerdadCGUdIULdOCLCOdWAUdOCLCOdOCLCFdOCLCOdUBCdUtOrBLW aCatalà apcc00aPC3942.12.O776bA44 2015 aBosch, Xavier,d1967-eauthor.10aAlgú com tu c/ Xavier Bosch. aFirst edition 1aBarcelona :bPlaneta,c2015. a348 pages ;c24 cm1 aRamon Llull narrativa a«Van resseguir la rue de Seine gairebé sense veure el carrer, pendents com estaven l'un de l'altre. El JeanPierre, cicerone amb ganes d'agradar, explicava curiositats del barri que ella escoltava en silenci. Allà on la vorera es feia més estreta, va semblar-li que, sense voler, es fregaven les mans. Pell amb pell. I va tenir una esgarrifança. Van trencar per la rue de Buci, atapeïda de turistes asseguts a les terrasses amb ombra, i de seguida van ser al boulevard Saint-Germain». El Jean-Pierre Zanardi, galerista a la Rive Gauche, és un esperit lliure. La Paulina Homs, de vida tranquil·la i familiar a Barcelona, arriba a París per al casament de la seva cosina.  a“They walked along the rue de Seine almost without noticing the street, so absorbed were they in one another. Jean-Pierre, eager to please as a cicerone, pointed out curiosities of the neighbourhood, which she listened to in silence. Where the pavement narrowed, it seemed to her that, without meaning to, their hands brushed. Skin against skin. And she shivered. They turned into the rue de Buci, crowded with tourists sitting in the shaded terraces, and soon found themselves on the boulevard Saint-Germain.” Jean-Pierre Zanardi, a gallery owner on the Rive Gauche, is a free spirit. Paulina Homs, who leads a quiet family life in Barcelona, arrives in Paris for her cousin’s wedding. 0aMan-woman relationshipsvFiction. 0aMothers and daughtersvFiction. 0aFamily secretsvFiction 0aRamon Llull.pNarrativa.